| 000 | 00895nac a22002051u 4500 | ||
|---|---|---|---|
| 020 | _a007110710X | ||
| 035 | _a(CaONFCNI)ny4887307 | ||
| 082 |
_a658.4038 _bO132 |
||
| 090 |
_c1571 _d1571 |
||
| 100 | _aO'Brien, James A. | ||
| 245 | 1 | 0 |
_aEnterprise information systems / _cJames O'Brien and George Marakas. |
| 250 | _a13th ed. | ||
| 260 |
_aLondon : _bHigher Education, _c2006. |
||
| 300 |
_a1 v. ; _c25 cm. _bcol. ill. ; _e28 cm. |
||
| 650 |
_aBusiness _xData processing. |
||
| 650 |
_aManagement _xManagement information systems. |
||
| 942 |
_cTB _k658.4038O132 |
||
| 999 |
_c1571 _d1571 |
||